Double team / (Record no. 2291)

MARC details
000 -LEADER
fixed length control field 01468cam a22003857a 4500
001 - CONTROL NUMBER
control field 2291
003 - CONTROL NUMBER IDENTIFIER
control field FISKH
005 - DATE AND TIME OF LATEST TRANSACTION
control field 20231115111506.0
008 - FIXED-LENGTH DATA ELEMENTS--GENERAL INFORMATION
fixed length control field 130221s2012 nyua j 000 1 eng d
010 ## - LIBRARY OF CONGRESS CONTROL NUMBER
LC control number 2012289628
020 ## - INTERNATIONAL STANDARD BOOK NUMBER
International Standard Book Number 9780545459051
020 ## - INTERNATIONAL STANDARD BOOK NUMBER
International Standard Book Number 0545459052
020 ## - INTERNATIONAL STANDARD BOOK NUMBER
International Standard Book Number 9780545387606
020 ## - INTERNATIONAL STANDARD BOOK NUMBER
International Standard Book Number 0545387604
040 ## - CATALOGING SOURCE
Original cataloging agency BTCTA
Language of cataloging eng
Transcribing agency BTCTA
Modifying agency BDX
-- BKX
-- B@L
-- UPZ
-- JP3
-- IHI
-- DLC
050 00 - LIBRARY OF CONGRESS CALL NUMBER
Classification number PZ7.S8882
Item number Do 2012
082 ## - DEWEY DECIMAL CLASSIFICATION NUMBER
Classification number 424
100 1# - MAIN ENTRY--PERSONAL NAME
Personal name Stoudemire, Amar'e.
245 10 - TITLE STATEMENT
Title Double team /
Statement of responsibility, etc. by Amar'e Stoudemire ; illustrated by Tim Jessell.
260 ## - PUBLICATION, DISTRIBUTION, ETC.
Place of publication, distribution, etc. New York :
Name of publisher, distributor, etc. Scholastic,
Date of publication, distribution, etc. 2012.
300 ## - PHYSICAL DESCRIPTION
Extent 140 pages :
Other physical details illustrations ;
Dimensions 20 cm
490 0# - SERIES STATEMENT
Series statement STAT ;
Volume/sequential designation Book 2
500 ## - GENERAL NOTE
General note "Standing tall and talented"--Cover.
505 ## - FORMATTED CONTENTS NOTE
Formatted contents note N<br/>
520 ## - SUMMARY, ETC.
Summary, etc. Eleven-year-old Amar'e Stoudemire starts competing in basketball tournaments with his two best friends, Deuce and Mike, and they are winning. After a few big wins, Amar'e starts getting attention from some of the older, more elite players in Lake Wales. Amar'e wants to elevate his game and the only way to do that is to move on.
521 8# - TARGET AUDIENCE NOTE
Target audience note 560<br/>
Source Lexile<br/>
521 8# - TARGET AUDIENCE NOTE
Target audience note N<br/>
Source Raz-Plus<br/>
600 10 - SUBJECT ADDED ENTRY--PERSONAL NAME
Personal name Stoudemire, Amar'e
Form subdivision Juvenile fiction.
650 #0 - SUBJECT ADDED ENTRY--TOPICAL TERM
Topical term or geographic name entry element Friendship
Form subdivision Juvenile fiction.
650 #0 - SUBJECT ADDED ENTRY--TOPICAL TERM
Topical term or geographic name entry element Basketball stories.
655 #0 - INDEX TERM--GENRE/FORM
Genre/form data or focus term Basketball stories.
700 1# - ADDED ENTRY--PERSONAL NAME
Personal name Jessell, Tim,
Relator term illustrator
906 ## - LOCAL DATA ELEMENT F, LDF (RLIN)
a 7
b cbc
c copycat
d 2
e ncip
f 20
g y-gencatlg
942 ## - ADDED ENTRY ELEMENTS (KOHA)
Source of classification or shelving scheme Dewey Decimal Classification
Koha item type Books
Suppress in OPAC No
Holdings
Withdrawn status Lost status Source of classification or shelving scheme Damaged status Not for loan Collection Home library Current library Shelving location Date acquired Total Checkouts Full call number Barcode Date last seen Date last checked out Price effective from Koha item type
    Dewey Decimal Classification     Juvenile Fiction Footprints International School Library Network Toul Kork Campus Footprints International School Library Network Toul Kork Campus TK Primary Library Room(4th Floor), Bookcase 3&4, Shelves 17-32, Yellow Books 11/15/2023 2 STO 424 PZ7.S8882 FISTK05418 05/21/2025 05/07/2025 11/15/2023 Books